Statystyki dla Płyty DonGuralEsko

Kliknij tutaj aby rozwiązać quiz!

Ogólne statystyki

  • Ten quiz został rozwiązany 56 razy
  • Średni wynik to 6 z 20

Statystyki odpowiedzi

RokPłyta% Poprawnych
2008DonGuralEsko - El Polako
66%
2019DonGuralEsko - Latające Ryby
55%
2005DonGuralEsko - Drewnianej Małpy Rock
48%
2010DonGuralEsko - Totem Leśnych Ludzi
48%
2017DonGuralEsko - Dom Otwartych Drzwi
45%
2015DonGuralEsko - Magnum Ignotum: Preludium
43%
2012DonGuralEsko - Projekt Jeden z Życia Moment
41%
2019DonGuralEsko/Matheo - Miłość, Szmaragd i Krokodyl
39%
2011DonGuralEsko - Zaklinacz Deszczu
32%
2009DonGuralEsko/Matheo - Inwazja Porywaczy Ciał
30%
2002DonGuralEsko - Opowieści z Betonowego Lasu
30%
2007DonGuralEsko/Matheo - Manewry Mixtape. Z Cyklu Janczarskie Opowieści
23%
2006DonGuralEsko/DJ Kostek - Jointy, Konserwy, Muzyka Bez Przerwy
14%
2007Killaz Group - Operacja Kocia Karma
14%
2013DonGuralEsko/DJ Tuniziano - NasGuralAz
7%
2014DonGuralEsko - Kroniki Betonowego Lasu
7%
2002K.A.S.T.A. Skład - Kastaniety
7%
2003K.A.S.T.A. Skład - Kastatomy
7%
2002Killaz Group - Nokaut
7%
1998Killaz Group - Prawdziwość Dla Gry
5%

Rozkład punktacji

Percentyl według liczby udzielonych odpowiedzi

Procent ludzi z każdym wynikiem

Twoja historia wyników

Nie rozwiązałeś tego quizu